| 000 | 00975nam a22003137a 4500 | ||
|---|---|---|---|
| 003 | CHAP | ||
| 005 | 20220329135533.0 | ||
| 008 | 971013s r 00010 d | ||
| 010 | _a38183 | ||
| 011 | _a39155 | ||
| 035 | _a43275 | ||
| 040 | _cCHAP | ||
| 082 |
_a630.72058 _bP3 |
||
| 110 |
_aPatronato para la Investigación, Fomento y Defensa Agrícola. Mexicali, B.C. _986220 |
||
| 245 | _aInforme | ||
| 260 |
_aMexicali, B.C. : _bEl patronato, _c19 - |
||
| 300 | _av. | ||
| 500 | _aLa biblioteca tiene: 1954 | ||
| 590 |
_aBATCH-UPD _b10 _c20130110 _lUCH01 _h1415 |
||
| 590 |
_aBATCH-UPD _b10 _c20130410 _lUCH01 _h0859 |
||
| 590 |
_aBATCH-UPD _b10 _c20130914 _lUCH01 _h0315 |
||
| 590 |
_aCONVERSION _b10 _c20130109 _lUCH01 _h1321 |
||
| 650 | 1 | 4 |
_aAgricultura _xBaja California. _91316 |
| 650 | 1 | 4 |
_aAlgodón _xPlagas. _94046 |
| 650 | 1 | 4 |
_aGusano rosado. _951563 |
| 901 | _aBK | ||
| 942 | _cLIBRO | ||
| 949 |
_a630.72058 P3 _bBC _cLIBRO _d33724000044731 _eLIBRO _h60387 _i43275 _si |
||
| 999 |
_c38183 _d38183 |
||